00477 2200169 4500245002900000020001800029250001100047100001400058650001600072005001900088260004200107041001400149084000800163300002300171500010400194336000900298 aBintangcTere LiyehText a9786020351179 aCet. 2 aTere Liye aNovel Fiksi a20231012104627 aJakartabGramedia Pustaka Utamac2017 aIndonesia a813 a392 hlm. :c20 cm. apetualangan keempat kami. setelah 3 kali berhasil menyelamatkan dunia pararel dari kehancuran besar atext